000 00749nam a22001697a 4500
999 _c80400
_d80400
008 201130b ||||| |||| 00| 0 eng d
040 _bger
_cSTAFF
_erda
_aISIL EINTRAGEN
041 _ager
100 _aMatschkowiak, Rene
245 _aShopping-Ansturm bleibt aus:
_bEinschränkungen: Viele Frankfurter gingen vor der Schließung der meisten Geschäfte noch einmal einkaufen. Lange Schlangen waren aber eher die Ausnahme /
_cRene Matschkowiak
600 _2Junghanns, Andrea <Leiterin Kita St. Georg>
773 _dFrankfurt (Oder): Märkisches Verlags- und Druckhaus GmbH & Co KG
_g31. Jahrgang (2020) Nr. 293 vom 16.12.2020, S. 13.
_tMärkische Oderzeitung
942 _cA